<?xml version="1.0" encoding="UTF-8"?>
<record
    xmlns:xsi="http://www.w3.org/2001/XMLSchema-instance"
    xsi:schemaLocation="http://www.loc.gov/MARC21/slim http://www.loc.gov/standards/marcxml/schema/MARC21slim.xsd"
    xmlns="http://www.loc.gov/MARC21/slim">

  <leader>02380cam a22003015i 4500</leader>
  <controlfield tag="001">TB12448</controlfield>
  <controlfield tag="003">IN-BhIIT</controlfield>
  <controlfield tag="005">20250731144055.0</controlfield>
  <controlfield tag="008">161125s2016    si |||| o    |||| 0|eng  </controlfield>
  <datafield tag="020" ind1=" " ind2=" ">
    <subfield code="a">9789380250724 (PBK)</subfield>
  </datafield>
  <datafield tag="040" ind1=" " ind2=" ">
    <subfield code="a">IN-BhIIT</subfield>
  </datafield>
  <datafield tag="041" ind1=" " ind2=" ">
    <subfield code="a">eng</subfield>
  </datafield>
  <datafield tag="082" ind1="0" ind2="4">
    <subfield code="a">512.7</subfield>
    <subfield code="b">MUR/P</subfield>
  </datafield>
  <datafield tag="100" ind1="1" ind2=" ">
    <subfield code="a">Murty, M. Ram.</subfield>
    <subfield code="e">Author</subfield>
    <subfield code="9">26071</subfield>
  </datafield>
  <datafield tag="245" ind1="1" ind2="0">
    <subfield code="a">Problems in the theory of modular forms /</subfield>
    <subfield code="c">by M. Ram Murty, Michael Dewar, Hester Graves.</subfield>
  </datafield>
  <datafield tag="260" ind1=" " ind2=" ">
    <subfield code="a">New Delhi :</subfield>
    <subfield code="b">Hindustan Book Agency,</subfield>
    <subfield code="c">2015.</subfield>
  </datafield>
  <datafield tag="300" ind1=" " ind2=" ">
    <subfield code="a">xv, 291 p. :</subfield>
    <subfield code="b">ill. ;</subfield>
    <subfield code="c">24 cm.</subfield>
  </datafield>
  <datafield tag="490" ind1="1" ind2=" ">
    <subfield code="a">IMSc Lecture Notes in Mathematics; 1</subfield>
  </datafield>
  <datafield tag="505" ind1="0" ind2=" ">
    <subfield code="a">Part I Problems -- Chapter 1. Jacobi's q-series -- Chapter 2. The Modular Group -- Chapter 3. The Upper Half-Plane -- Chapter 4. Modular Forms of Level One -- Chapter 5. The Ramanujan _ T-function -- Chapter 6. Modular Forms of Higher Level -- Chapter 7. The Petersson Inner Product -- Chapter 8. Hecke Operators of Higher Level -- Chapter 9. Dirichlet Series and Modular Forms -- Chapter 10. Special Topics -- Part II Solutions -- Chapter 1. Jacobi's q-series -- Chapter 2. The Modular Group -- Chapter 3. The Upper Half-Plane -- Chapter 4. Modular Forms of Level One -- Chapter 5. The Ramanujan _ T-function -- Chapter 6. Modular Forms of Higher Level -- Chapter 7. The Petersson Inner Product -- Chapter 8. Hecke Operators of Higher Level -- Chapter 9. Dirichlet Series and Modular Forms -- Chapter 10. Special Topics.</subfield>
  </datafield>
  <datafield tag="520" ind1=" " ind2=" ">
    <subfield code="a">This book introduces the reader to the fascinating world of modular forms through a problem-solving approach. As such, besides researchers, the book can be used by the undergraduate and graduate students for self-instruction. The topics covered include q-series, the modular group, the upper half-plane, modular forms of level one and higher level, the Ramanujan tau-function, the Petersson inner product, Hecke operators, Dirichlet series attached to modular forms and further special topics. It can be viewed as a gentle introduction for a deeper study of the subject. Thus, it is ideal for non-experts seeking an entry into the field.</subfield>
  </datafield>
  <datafield tag="650" ind1=" " ind2="0">
    <subfield code="a">Number theory.</subfield>
  </datafield>
  <datafield tag="650" ind1=" " ind2="0">
    <subfield code="a">Operator theory.</subfield>
    <subfield code="9">26072</subfield>
  </datafield>
  <datafield tag="650" ind1=" " ind2="0">
    <subfield code="a">Sequences (Mathematics).</subfield>
    <subfield code="9">26073</subfield>
  </datafield>
  <datafield tag="650" ind1=" " ind2="0">
    <subfield code="a">Special functions.</subfield>
    <subfield code="9">26074</subfield>
  </datafield>
  <datafield tag="700" ind1="1" ind2=" ">
    <subfield code="a">Dewar, Michael.</subfield>
    <subfield code="e">Joint author.</subfield>
    <subfield code="9">26075</subfield>
  </datafield>
  <datafield tag="700" ind1="1" ind2=" ">
    <subfield code="a">Graves, Hester.</subfield>
    <subfield code="e">Joint author.</subfield>
    <subfield code="9">26076</subfield>
  </datafield>
  <datafield tag="942" ind1=" " ind2=" ">
    <subfield code="c">TB</subfield>
    <subfield code="0">1</subfield>
  </datafield>
  <datafield tag="999" ind1=" " ind2=" ">
    <subfield code="c">14968</subfield>
    <subfield code="d">14968</subfield>
  </datafield>
  <datafield tag="952" ind1=" " ind2=" ">
    <subfield code="0">0</subfield>
    <subfield code="1">0</subfield>
    <subfield code="2">ddc</subfield>
    <subfield code="4">0</subfield>
    <subfield code="7">0</subfield>
    <subfield code="8">SBS</subfield>
    <subfield code="a">CLIITBBS</subfield>
    <subfield code="b">CLIITBBS</subfield>
    <subfield code="d">2025-03-06</subfield>
    <subfield code="e">31</subfield>
    <subfield code="g">525.00</subfield>
    <subfield code="l">0</subfield>
    <subfield code="o">512.7 MUR/P</subfield>
    <subfield code="p">TB12449</subfield>
    <subfield code="r">2025-03-06 00:00:00</subfield>
    <subfield code="v">700.00</subfield>
    <subfield code="w">2025-03-06</subfield>
    <subfield code="y">TB</subfield>
  </datafield>
  <datafield tag="952" ind1=" " ind2=" ">
    <subfield code="0">0</subfield>
    <subfield code="1">0</subfield>
    <subfield code="2">ddc</subfield>
    <subfield code="4">0</subfield>
    <subfield code="7">0</subfield>
    <subfield code="8">SBS</subfield>
    <subfield code="a">CLIITBBS</subfield>
    <subfield code="b">CLIITBBS</subfield>
    <subfield code="d">2025-03-06</subfield>
    <subfield code="e">31</subfield>
    <subfield code="g">525.00</subfield>
    <subfield code="l">1</subfield>
    <subfield code="m">2</subfield>
    <subfield code="o">512.7 MUR/P</subfield>
    <subfield code="p">TB12448</subfield>
    <subfield code="r">2026-02-04 14:58:18</subfield>
    <subfield code="s">2025-07-31</subfield>
    <subfield code="v">700.00</subfield>
    <subfield code="w">2025-03-06</subfield>
    <subfield code="y">TB</subfield>
  </datafield>
</record>
